000 00515nam a2200193Ia 4500
005 20250317125550.0
008 008 250317s9999 xx 000 0 eng d
037 _aTextbook
040 _aFMSL
_beng
_cFMSL
041 _aeng
_2eng
084 _qFMSL
100 _aPhillips C F
_9736927
245 0 _aMarketing principles and methods
250 _a3rd
260 _aHamewood
_bHamewood, Richard D Irwin
_c1956
300 _a807p
942 _cTB
999 _c1260004
_d1260004